[Event "4NCL 3 South pool C"]
[Site "Reading, ENG"]
[Date "2018.03.25"]
[Round "8.11"]
[White "Brozel, Sacha"]
[Black "McKenna, Jason P"]
[Result "0-1"]
[WhiteElo "2230"]
[BlackElo "2091"]
[PlyCount "66"]
[EventDate "2018.03.25"]

1. g3 g6 2. Bg2 Bg7 3. c4 d6 4. Nc3 c5 5. Nf3 Nc6 6. O-O e5 7. Ne1 Nge7 8. Nc2
O-O 9. a3 Be6 10. Ne3 a5 11. d3 Rb8 12. Ned5 h6 13. Rb1 b6 14. Bd2 Kh7 15. b4
axb4 16. axb4 cxb4 17. Nxb4 Nxb4 18. Rxb4 d5 19. cxd5 Nxd5 20. Nxd5 Bxd5 21.
Rb5 Bxg2 22. Kxg2 Qd7 23. Qb3 e4 24. Bf4 exd3 25. Bxb8 dxe2 26. Rxb6 exf1=Q+
27. Kxf1 Qh3+ 28. Kg1 Re8 29. Qb4 Bd4 30. Rb7 Bxf2+ 31. Kxf2 Qxh2+ 32. Kf1 Qe2+
33. Kg1 Qd1+ 0-1

[Event "4NCL 3 South pool C"]
[Site "Reading, ENG"]
[Date "2018.03.25"]
[Round "8.12"]
[White "Healey, Michael W"]
[Black "Villiers, Thomas"]
[Result "0-1"]
[WhiteElo "2141"]
[BlackElo "2230"]
[PlyCount "82"]
[EventDate "2018.03.25"]

1. b4 e5 2. Bb2 Bxb4 3. Bxe5 Nf6 4. Nc3 Nc6 5. Bxf6 Qxf6 6. Nd5 Qe5 7. Nxb4
Nxb4 8. Rb1 Nxa2 9. Nf3 Qc5 10. c3 Qa5 11. e3 Nxc3 12. dxc3 Qxc3+ 13. Nd2 O-O
14. Be2 d5 15. O-O b6 16. Rc1 Qe5 17. Nf3 Qd6 18. Qb3 Bb7 19. Rfd1 c5 20. Qa2
Qe7 21. Ne1 Rfd8 22. Bf3 c4 23. Rb1 Qc5 24. Qb2 Bc6 25. Rbc1 Qe7 26. Rd4 b5 27.
Nc2 a5 28. Rcd1 Qf6 29. Qc1 b4 30. Bxd5 Bxd5 31. Rxd5 c3 32. Rb5 Rab8 33. Rxb8
Rxb8 34. Nd4 Qa6 35. e4 Qc4 36. Qg5 h6 37. Qxa5 c2 38. Nxc2 Qxc2 39. Qa1 b3 40.
Qb1 Rc8 41. Kf1 b2 0-1

[Event "4NCL 3 South pool C"]
[Site "Reading, ENG"]
[Date "2018.03.25"]
[Round "8.13"]
[White "Willmoth, Robert F"]
[Black "Alizada, Eldar"]
[Result "1/2-1/2"]
[WhiteElo "2290"]
[BlackElo "2050"]
[PlyCount "116"]
[EventDate "2018.03.25"]

1. Nf3 d5 2. b3 Nf6 3. Bb2 e6 4. e3 Be7 5. c4 O-O 6. Be2 b6 7. O-O Bb7 8. Ne5
Nbd7 9. f4 c5 10. d3 Qc7 11. Nd2 Rad8 12. Qe1 Ne8 13. Rc1 Nd6 14. d4 dxc4 15.
bxc4 Nxe5 16. fxe5 Nf5 17. d5 Nxe3 18. Rf3 Nxg2 19. Kxg2 exd5 20. cxd5 Bxd5 21.
Bc4 Bxf3+ 22. Nxf3 Qc6 23. Qe2 Bg5 24. Rc2 Bf4 25. Bc3 Rfe8 26. Kf2 Re7 27. Rb2
Qh6 28. Kf1 Red7 29. Rb1 Kh8 30. Re1 Qg6 31. Kf2 Qh6 32. Rg1 Re7 33. Qe4 Bxh2
34. Rh1 Qf4 35. Bd3 Bg3+ 36. Kg2 Qxe4 37. Bxe4 Bf4 38. Bxh7 Bh6 39. Bc2 Kg8 40.
a4 Red7 41. Kg3 c4 42. Rh4 Rd5 43. Rxc4 Rc5 44. Rxc5 bxc5 45. Kf2 Bc1 46. Ke2
Ba3 47. Bd3 Bb4 48. Bb2 Kf8 49. Bc1 Ke7 50. Bc4 f6 51. exf6+ gxf6 52. Nh4 Bc3
53. Bf4 Be5 54. Nf5+ Kd7 55. Bd2 Rh8 56. Bh6 Rc8 57. a5 Rb8 58. Kd3 Rb1 1/2-1/2

[Event "4NCL 3 South pool C"]
[Site "Reading, ENG"]
[Date "2018.03.25"]
[Round "8.14"]
[White "Burrows, Nick"]
[Black "Rocco, Federico"]
[Result "0-1"]
[WhiteElo "2057"]
[BlackElo "2207"]
[PlyCount "126"]
[EventDate "2018.03.25"]

1. d4 Nf6 2. Nf3 g6 3. g3 Bg7 4. Bg2 O-O 5. c4 d6 6. O-O Nc6 7. Nc3 a6 8. d5
Na5 9. b3 Nxd5 10. Nxd5 c6 11. Nxe7+ Qxe7 12. Bg5 Qe6 13. Rc1 c5 14. Qd2 Nc6
15. Bh6 Re8 16. Bxg7 Kxg7 17. e3 Qf6 18. Rfd1 Bg4 19. Qxd6 Re6 20. Qf4 Ne5 21.
Qxf6+ Kxf6 22. Nxe5 Bxd1 23. Nd7+ Ke7 24. Nxc5 Rd6 25. Nxb7 Rd2 26. Na5 Rf8 27.
c5 Bg4 28. Nc6+ Kf6 29. Nb4 Rfd8 30. h3 Bc8 31. Rc4 g5 32. Nc6 Rd1+ 33. Kh2
R8d2 34. Rd4 Bb7 35. Nb4 Rxd4 36. exd4 Rxd4 37. c6 Rxb4 38. cxb7 Ke5 39. g4 f6
40. Kg3 h6 41. Bc6 Kd6 42. Be4 Kc7 43. Kf3 a5 44. Ke3 a4 45. bxa4 Rxa4 46. f3
Rxa2 47. Kd4 Rd2+ 48. Kc5 Rh2 49. Kd5 Kxb7 50. Ke6+ Kc7 51. Kxf6 Kd6 52. Kf5
Rxh3 53. f4 gxf4 54. Kxf4 Ke6 55. Bg6 Kf6 56. Bh5 Rb3 57. Be8 Rb4+ 58. Kg3 Kg5
59. Bh5 Rf4 60. Kh3 Rf3+ 61. Kg2 Kf4 62. Kh2 Rg3 63. Kh1 Kf3 0-1

[Event "4NCL 3 South pool C"]
[Site "Reading, ENG"]
[Date "2018.03.25"]
[Round "8.15"]
[White "Ethelontis, Alexandros N"]
[Black "Dickinson, Tim R"]
[Result "1-0"]
[WhiteElo "2125"]
[BlackElo "2067"]
[PlyCount "25"]
[EventDate "2018.03.25"]

1. c4 e5 2. g3 Nf6 3. Bg2 Nc6 4. Nc3 Bb4 5. Nd5 Nxd5 6. cxd5 Ne7 7. Nf3 Bd6 8.
d4 e4 9. Ng5 f5 10. Qb3 h6 11. Nh3 O-O 12. Bf4 Bxf4 13. d6+ 1-0

[Event "4NCL 3 South pool C"]
[Site "Reading, ENG"]
[Date "2018.03.25"]
[Round "8.16"]
[White "Cole, James"]
[Black "Orgler, Philipp"]
[Result "1/2-1/2"]
[WhiteElo "1945"]
[BlackElo "2125"]
[PlyCount "66"]
[EventDate "2018.03.25"]

1. d4 Nf6 2. Nf3 c5 3. e3 d5 4. b3 Bg4 5. Bd3 e6 6. O-O Be7 7. Nbd2 O-O 8. Bb2
Nc6 9. a3 a6 10. h3 Bh5 11. g4 Bg6 12. Bxg6 hxg6 13. dxc5 Bxc5 14. b4 Ba7 15.
c4 dxc4 16. Nxc4 Qe7 17. Qd6 Rfd8 18. Qxe7 Nxe7 19. Rac1 Nc6 20. Rfd1 Rxd1+ 21.
Rxd1 Rd8 22. Rxd8+ Nxd8 23. a4 Nd5 24. b5 Nb6 25. Nxb6 Bxb6 26. Ne5 axb5 27.
axb5 Bc7 28. Nc4 f6 29. Bd4 e5 30. Ba7 Nf7 31. Bc5 Nd8 32. Ba7 Nf7 33. Bc5 Nd8
1/2-1/2

[Event "4NCL 3 South pool C"]
[Site "Reading, ENG"]
[Date "2018.03.25"]
[Round "8.21"]
[White "Gill, Oliver"]
[Black "Fraser-Mitchell, Jeremy N"]
[Result "1-0"]
[WhiteElo "2129"]
[BlackElo "2087"]
[PlyCount "107"]
[EventDate "2018.03.25"]

1. e4 e6 2. d4 d5 3. exd5 exd5 4. c4 Bb4+ 5. Nc3 Qe7+ 6. Be2 dxc4 7. Nf3 Nf6 8.
O-O O-O 9. Bxc4 Bg4 10. Bg5 c6 11. Re1 Qd6 12. Ne4 Nxe4 13. Rxe4 Bxf3 14. Qxf3
Qd7 15. a3 Bd6 16. Rae1 Na6 17. Be7 Bxe7 18. Rxe7 Qxd4 19. Qxf7+ Kh8 20. Re8
Qf6 21. Qxf6 gxf6 22. R8e7 b5 23. Bd3 f5 24. R1e3 Rf6 25. Rh3 h6 26. Rg3 Nc5
27. Be2 Ne6 28. Rd3 Nf4 29. Rdd7 Nxe2+ 30. Rxe2 a5 31. Ree7 a4 32. f4 Kg8 33.
Kf2 Rc8 34. Rg7+ Kh8 35. Rh7+ Kg8 36. Rdg7+ Kf8 37. Rg3 Re8 38. Rh8+ Kf7 39.
Rh7+ Kf8 40. Rh8+ Kf7 41. Rxe8 Kxe8 42. Rg7 Re6 43. Rc7 Kf8 44. h3 Kg8 45. g4
fxg4 46. hxg4 Rg6 47. Kf3 Re6 48. f5 Rd6 49. Ke3 Kf8 50. Ke4 Kg8 51. Ke5 Rd5+
52. Ke6 Rd4 53. f6 Rxg4 54. Rc8+ 1-0

[Event "4NCL 3 South pool C"]
[Site "Reading, ENG"]
[Date "2018.03.25"]
[Round "8.22"]
[White "Smith, Graham"]
[Black "Pleasants, Allan J"]
[Result "1/2-1/2"]
[WhiteElo "2039"]
[BlackElo "2114"]
[PlyCount "53"]
[EventDate "2018.03.25"]

1. b3 d6 2. Bb2 e5 3. e3 Nf6 4. c4 Be7 5. d3 O-O 6. Nf3 Re8 7. Nc3 Bf8 8. Be2
c6 9. Qc2 Nbd7 10. d4 a6 11. dxe5 Nxe5 12. O-O-O Qa5 13. h3 Nxf3 14. gxf3 Bf5
15. Bd3 Bxd3 16. Qxd3 Qh5 17. f4 b5 18. Rdg1 bxc4 19. Qxc4 Qf3 20. Rh2 c5 21.
Rg3 Qc6 22. Rg5 h6 23. Rf5 Re6 24. Nd5 Nxd5 25. Rxd5 Qb5 26. Qc3 Rg6 27. Rh1
1/2-1/2

[Event "4NCL 3 South pool C"]
[Site "Reading, ENG"]
[Date "2018.03.25"]
[Round "8.23"]
[White "Isaakidis, Alexandros"]
[Black "Habershon, Paul F"]
[Result "1-0"]
[WhiteElo "2073"]
[BlackElo "2030"]
[PlyCount "70"]
[EventDate "2018.03.25"]

1. e4 Nf6 2. Nc3 d6 3. d4 g6 4. f4 Bg7 5. Nf3 c6 6. e5 dxe5 7. fxe5 Nd5 8. Bc4
O-O 9. O-O h6 10. Qe1 Bf5 11. Qh4 e6 12. Bg5 hxg5 13. Nxg5 Re8 14. g4 Ne3 15.
gxf5 gxf5 16. Nce4 Nd7 17. Qh7+ Kf8 18. Qh5 Re7 19. Qxf7+ Rxf7 20. Nxe6+ Ke7
21. Nxd8 Rf8 22. Ne6 Rg8 23. N6g5 Nxc4 24. Rxf5 Raf8 25. Rxf8 Rxf8 26. b3 Ne3
27. c3 Nd5 28. Rf1 Rxf1+ 29. Kxf1 Bh6 30. Nf3 Ke6 31. Ke2 Nf4+ 32. Kd2 Kd5 33.
Nd6 b6 34. Nf5 Bf8 35. Ng5 b5 1-0

[Event "4NCL 3 South pool C"]
[Site "Reading, ENG"]
[Date "2018.03.25"]
[Round "8.24"]
[White "Reuben, Stewart"]
[Black "McDougall, William M"]
[Result "0-1"]
[WhiteElo "2024"]
[BlackElo "2068"]
[PlyCount "76"]
[EventDate "2018.03.25"]

1. c4 c5 2. Nc3 Nc6 3. g3 g6 4. Bg2 Bg7 5. Nh3 e5 6. d3 Nge7 7. Nd5 Nxd5 8.
cxd5 Nd4 9. O-O d6 10. e3 Nf5 11. f4 exf4 12. Nxf4 O-O 13. Rb1 Bd7 14. b4 b6
15. bxc5 bxc5 16. Bd2 Re8 17. Be4 Rb8 18. Qc2 Qe7 19. Rxb8 Rxb8 20. Rb1 Rb6 21.
Kf2 h5 22. Ba5 Ba4 23. Qc1 Rxb1 24. Qxb1 Nh6 25. Qb8+ Kh7 26. h3 f5 27. Bf3 Nf7
28. Ne6 Be5 29. d4 cxd4 30. exd4 Bf6 31. Bc7 h4 32. g4 fxg4 33. Bxg4 Bg5 34.
Qxa7 Qf6+ 35. Kg2 Be3 36. Bf3 Bd1 37. Kh2 Qxf3 38. Ng5+ Bxg5 0-1

[Event "4NCL 3 South pool C"]
[Site "Reading, ENG"]
[Date "2018.03.25"]
[Round "8.25"]
[White "Simons, Martin J"]
[Black "Elwin, Adrian G"]
[Result "1-0"]
[WhiteElo "2021"]
[BlackElo "1989"]
[PlyCount "79"]
[EventDate "2018.03.25"]

1. e4 c6 2. Nc3 d5 3. d4 dxe4 4. Bc4 Nf6 5. f3 e3 6. Bxe3 Bf5 7. g4 Bg6 8. Nge2
e6 9. h4 h6 10. Nf4 Bh7 11. Qd2 Bd6 12. g5 Bxf4 13. Bxf4 Nd5 14. Bxd5 exd5 15.
gxh6 gxh6 16. O-O-O Kd7 17. Bxh6 Qf6 18. Qg5 Qf5 19. Qxf5+ Bxf5 20. Bg7 Rh7 21.
Rdg1 Bg6 22. Be5 Na6 23. Ne2 Bh5 24. Rh3 f6 25. Bxf6 Rf8 26. Be5 Rxf3 27. Rxf3
Bxf3 28. Nf4 Nc7 29. Bxc7 Kxc7 30. Ne6+ Kd6 31. Ng5 Rxh4 32. Nxf3 Rf4 33. Rg3
c5 34. dxc5+ Kxc5 35. Kd2 b5 36. Ne1 Rh4 37. Nd3+ Kd4 38. c3+ Ke4 39. Re3+ Kf5
40. Re5+ 1-0

[Event "4NCL 3 South pool C"]
[Site "Reading, ENG"]
[Date "2018.03.25"]
[Round "8.26"]
[White "Brown, Alan M"]
[Black "Mcleod, Fraser"]
[Result "1/2-1/2"]
[WhiteElo "1966"]
[BlackElo "2083"]
[PlyCount "63"]
[EventDate "2018.03.25"]

1. d4 Nf6 2. c4 g6 3. Nc3 Bg7 4. e4 d6 5. Be2 O-O 6. Bg5 Nbd7 7. Nf3 c5 8. d5
a6 9. O-O Rb8 10. a4 h6 11. Bd2 Re8 12. Rb1 e6 13. Re1 b6 14. h3 Kh7 15. Qc2
Re7 16. Bf4 e5 17. Be3 Nf8 18. Nh2 Ne8 19. Bg4 Nc7 20. b4 Bxg4 21. hxg4 Nd7 22.
Red1 22... Ne8 $11 23. f3 Nef6 24. Qf2 Ng8 25. Qh4 f6 26. Qf2 Rf7 27. Qc2 Rf8
28. Nf1 Qe7 29. bxc5 bxc5 30. Rxb8 Rxb8 31. Rb1 Qd8 32. Rb3 1/2-1/2

[Event "4NCL 3 South pool C"]
[Site "Reading, ENG"]
[Date "2018.03.25"]
[Round "8.31"]
[White "Musson, Adam J"]
[Black "Mihalik, Agoston"]
[Result "1/2-1/2"]
[WhiteElo "2050"]
[BlackElo "2162"]
[PlyCount "122"]
[EventDate "2018.03.25"]

1. d4 Nf6 2. c4 e6 3. Nc3 Bb4 4. e3 b6 5. Nge2 c5 6. a3 Ba5 7. Rb1 Qe7 8. Bd2
O-O 9. d5 exd5 10. Nxd5 Nxd5 11. cxd5 Bxd2+ 12. Qxd2 d6 13. Ng3 Nd7 14. Be2 f5
15. O-O Qh4 16. f4 Nf6 17. Rf3 Bd7 18. Bd3 Nh5 19. Nxh5 Qxh5 20. e4 fxe4 21.
Bxe4 Bg4 22. Rg3 Rf6 23. h3 Bf5 24. Re1 Raf8 25. Rge3 Bc8 26. g4 Qh4 27. f5
R6f7 28. Qg2 Re7 29. f6 Re5 30. Rf1 Rxf6 31. Rxf6 Qxf6 32. Rf3 Qe7 33. Bd3 Bb7
34. Qf2 Bxd5 35. Rf8+ Qxf8 36. Bxh7+ Kxh7 37. Qxf8 Be4 38. Qxd6 Rd5 39. Qe7 Bg6
40. Qxa7 Rd1+ 41. Kf2 Rd2+ 42. Kg3 Rxb2 43. h4 Rb1 44. h5 Bc2 45. g5 Rg1+ 46.
Kf4 Rf1+ 47. Ke3 Rg1 48. Kd2 Bf5 49. Qe7 Rg3 50. h6 Rd3+ 51. Kc1 Rd7 52. Qf8
Bg6 53. hxg7 Rxg7 54. Qd6 c4 55. Qxb6 c3 56. Qc6 c2 57. a4 Rf7 58. Qg2 Re7 59.
Qg3 Rb7 60. Qh3+ Kg7 61. Qc3+ Kh7 1/2-1/2

[Event "4NCL 3 South pool C"]
[Site "Reading, ENG"]
[Date "2018.03.25"]
[Round "8.32"]
[White "Onley, David E"]
[Black "Hewitt, William"]
[Result "1/2-1/2"]
[WhiteElo "2097"]
[BlackElo "2019"]
[PlyCount "78"]
[EventDate "2018.03.25"]

1. e4 c6 2. d4 d5 3. Nd2 dxe4 4. Nxe4 Nd7 5. Nf3 Ngf6 6. Ng3 e6 7. Bd3 Be7 8.
Qe2 O-O 9. O-O Qc7 10. c4 Re8 11. b3 c5 12. Bb2 b6 13. Rad1 Bb7 14. Ne5 Rad8
15. Bb1 Nf8 16. Rfe1 cxd4 17. Bxd4 Bb4 18. Rf1 Bc5 19. Bc3 Ba8 20. Ng4 Nxg4 21.
Qxg4 f5 22. Qg5 h6 23. Qh5 Qb7 24. Qh3 Ng6 25. Nh5 Nh4 26. Nxg7 Nxg2 27. Nxe6
Ne3 28. Rd5 Rxd5 29. Qxh6 Qh7 30. Qg5+ Kf7 31. Qf6+ Kg8 32. cxd5 Nxd5 33. Qg5+
Kf7 34. Bxf5 Qg8 35. Ng7 Nxc3 36. Bg6+ Kxg7 37. Bxe8+ Kf8 38. Qxg8+ Kxg8 39.
Re1 Ne4 1/2-1/2

[Event "4NCL 3 South pool C"]
[Site "Reading, ENG"]
[Date "2018.03.25"]
[Round "8.33"]
[White "Brown, Thomas"]
[Black "Headlong, Timothy"]
[Result "1/2-1/2"]
[WhiteElo "2074"]
[BlackElo "2130"]
[PlyCount "77"]
[EventDate "2018.03.25"]

1. Nf3 d5 2. g3 c5 3. Bg2 Nc6 4. O-O e6 5. c4 Nf6 6. cxd5 exd5 7. d4 Be7 8. Nc3
O-O 9. dxc5 Bxc5 10. Na4 Be7 11. Be3 Be6 12. Rc1 Qd7 13. Nc5 Bxc5 14. Bxc5 Rfe8
15. Nd4 Bh3 16. Nxc6 bxc6 17. Be3 Bxg2 18. Kxg2 Rab8 19. Bd4 Re6 20. e3 Rb5 21.
a4 Rb4 22. Rc5 Ne4 23. Ra5 Rb7 24. Qg4 Nf6 25. Bxf6 Rxf6 26. Qxd7 Rxd7 27. Rc1
g6 28. Ra6 Rb7 29. Raxc6 Rxc6 30. Rxc6 Rxb2 31. Rc7 d4 32. exd4 Rb4 33. Rxa7
Rxd4 34. a5 Ra4 35. a6 h5 36. f4 Ra2+ 37. Kh3 Kg7 38. Ra8 Kf6 39. Ra7 1/2-1/2

[Event "4NCL 3 South pool C"]
[Site "Reading, ENG"]
[Date "2018.03.25"]
[Round "8.34"]
[White "Martin, Lewis"]
[Black "Ralphs, Nigel"]
[Result "1-0"]
[WhiteElo "2079"]
[BlackElo "1989"]
[PlyCount "73"]
[EventDate "2018.03.25"]

1. e4 e6 2. d4 d5 3. Nd2 c5 4. exd5 exd5 5. Ngf3 Nf6 6. Be2 Nc6 7. O-O cxd4 8.
Nb3 Be7 9. Nbxd4 O-O 10. Bg5 h6 11. Bh4 g5 12. Bg3 Ne4 13. c3 f5 14. Nxc6 bxc6
15. Be5 Bf6 16. Bxf6 Qxf6 17. Re1 Rb8 18. Qc2 c5 19. Nd2 Be6 20. Rad1 Kg7 21.
f3 Nd6 22. Nb3 Rbc8 23. Bf1 f4 24. Qf2 d4 25. cxd4 Bxb3 26. axb3 Nf5 27. dxc5
Ne3 28. Rxe3 fxe3 29. Qxe3 Rfd8 30. Rxd8 Rxd8 31. c6 Kf8 32. Qc5+ Qe7 33. Qc3
Qg7 34. Qxg7+ Kxg7 35. Ba6 Rd1+ 36. Kf2 Rc1 37. Bc4 1-0

[Event "4NCL 3 South pool C"]
[Site "Reading, ENG"]
[Date "2018.03.25"]
[Round "8.35"]
[White "Trevelyan, John"]
[Black "Richmond, Peter"]
[Result "0-1"]
[WhiteElo "2025"]
[BlackElo "2077"]
[PlyCount "114"]
[EventDate "2018.03.25"]

1. e4 c5 2. c3 g6 3. Nf3 Bg7 4. Bc4 e6 5. d3 Nc6 6. O-O Nge7 7. Bf4 d5 8. Bb3
O-O 9. Qd2 b6 10. Bh6 dxe4 11. Bxg7 Kxg7 12. dxe4 Qxd2 13. Nbxd2 Rd8 14. e5
Nxe5 15. Nxe5 Rxd2 16. Nc4 Rd8 17. Rfd1 Bb7 18. Rxd8 Rxd8 19. Rd1 Rxd1+ 20.
Bxd1 Bd5 21. Be2 Kf6 22. a3 Bxc4 23. Bxc4 Ke5 24. Kf1 Nc6 25. Ke2 Na5 26. Ba2
c4 27. Ke3 b5 28. Bb1 Nb3 29. f4+ Kd6 30. Bc2 Nc5 31. Kd4 f6 32. g3 e5+ 33.
fxe5+ fxe5+ 34. Ke3 Kd5 35. Bd1 a5 36. Bf3+ e4 37. Bg2 Ke5 38. Bh1 g5 39. Bg2
h6 40. h3 Kd5 41. Bh1 Na4 42. Bxe4+ Kc5 43. Bc2 Nxb2 44. Ke4 Nd3 45. Kf5 Nc1
46. Kg6 Ne2 47. Kxh6 Nxc3 48. Kxg5 b4 49. axb4+ axb4 50. h4 b3 51. Bg6 Ne4+ 52.
Bxe4 c3 53. h5 c2 54. h6 c1=Q+ 55. Kg6 Qe3 56. Bf5 Qxg3+ 57. Kf7 Qg5 0-1

[Event "4NCL 3 South pool C"]
[Site "Reading, ENG"]
[Date "2018.03.25"]
[Round "8.36"]
[White "Hackett, Dave G"]
[Black "Hatchett, Paul"]
[Result "1/2-1/2"]
[WhiteElo "2095"]
[BlackElo "1971"]
[PlyCount "76"]
[EventDate "2018.03.25"]

1. e4 Nf6 2. Nc3 e5 3. d4 exd4 4. Qxd4 Nc6 5. Qe3 Bb4 6. Bd2 O-O 7. O-O-O Re8
8. f3 d5 9. Qg5 dxe4 10. fxe4 Re5 11. Qh4 Qe7 12. Nf3 Ra5 13. Bc4 Be6 14. Nd5
Nxd5 15. exd5 Qxh4 16. Nxh4 Bxd5 17. Bxd5 Rxd5 18. Bf4 Rxd1+ 19. Rxd1 Ba5 20.
Nf5 Re8 21. Ne3 Re4 22. Nd5 22... Rd4 $11 23. Rxd4 Nxd4 24. Bxc7 Bxc7 25. Nxc7
f5 26. c3 Nc6 27. Nb5 g6 28. Kd2 Kf8 29. Ke3 Ke7 30. Nd4 Nxd4 31. Kxd4 Kd6 32.
c4 b6 33. b4 h6 34. c5+ bxc5+ 35. bxc5+ Ke6 36. h4 g5 37. h5 f4 38. Ke4 Kd7
1/2-1/2

[Event "4NCL 3 South pool C"]
[Site "Reading, ENG"]
[Date "2018.03.25"]
[Round "8.41"]
[White "Robertson, J Stuart"]
[Black "Thompson, Ian D"]
[Result "1/2-1/2"]
[WhiteElo "2130"]
[BlackElo "2200"]
[PlyCount "107"]
[EventDate "2018.03.25"]

1. d4 d5 2. c4 c6 3. Nf3 Nf6 4. Nc3 e6 5. e3 Nbd7 6. Bd3 dxc4 7. Bxc4 b5 8. Bd3
Bd6 9. O-O O-O 10. b3 Bb7 11. Bb2 a6 12. a4 Re8 13. Ne4 Nxe4 14. Bxe4 f5 15.
Bd3 Nf6 16. Nd2 Qc7 17. h3 Rad8 18. Rc1 Qb6 19. Qc2 Rc8 20. Qb1 c5 21. Qa1 Nh5
22. Be2 g6 23. axb5 axb5 24. Bxh5 gxh5 25. dxc5 Bxc5 26. Bh8 Rc7 27. Be5 Rd7
28. Nf3 Bf8 29. Rfd1 Bd5 30. Nd4 Qb7 31. Kh2 Bg7 32. Bxg7 Rxg7 33. f3 Qb8+ 34.
Kh1 Qg3 35. Qb2 Qg5 36. Qf2 Qf6 37. Nxb5 Bxb3 38. Rd3 Bd5 39. Rdc3 h6 40. Nc7
Rd8 41. Nxd5 Rxd5 42. Qe2 Rgd7 43. Rc8+ Kh7 44. R8c7 Qe5 45. Rxd7+ Rxd7 46. e4
f4 47. Qc2 Ra7 48. Rb1 Ra1 49. Kh2 Rxb1 50. Qxb1 Kg8 51. Qb7 Kf8 52. Qc8+ Ke7
53. Qb7+ Kf8 54. Qc8+ 1/2-1/2

[Event "4NCL 3 South pool C"]
[Site "Reading, ENG"]
[Date "2018.03.25"]
[Round "8.43"]
[White "Spencer, Carl J"]
[Black "Farrand, Tom"]
[Result "1-0"]
[WhiteElo "2135"]
[BlackElo "2150"]
[PlyCount "133"]
[EventDate "2018.03.25"]

1. d4 e6 2. e4 b6 3. Bf4 Bb7 4. Nd2 d6 5. Ngf3 Be7 6. Bd3 Nd7 7. Qe2 g5 8. Bg3
g4 9. Ng1 Bf6 10. c3 h5 11. h3 h4 12. Bf4 e5 13. dxe5 dxe5 14. Be3 gxh3 15.
Rxh3 Ne7 16. O-O-O Ng6 17. Ndf3 Qe7 18. Ba6 O-O-O 19. Qc4 Nb8 20. Rxd8+ Rxd8
21. Bxb7+ Kxb7 22. Ne2 Nc6 23. b4 Rd7 24. Rh1 Nd8 25. Kc2 Qd6 26. a4 Qe6 27.
Qxe6 Nxe6 28. Nc1 Rd8 29. Nd3 Rg8 30. Rh2 Be7 31. Nfe1 Bg5 32. Kd2 Bxe3+ 33.
Kxe3 c6 34. Rh3 Rd8 35. Rf3 Rd7 36. Rf5 Ng7 37. Rg5 Ne6 38. Rh5 Nef4 39. Nxf4
exf4+ 40. Ke2 Re7 41. f3 Ne5 42. Nd3 Nxd3 43. Kxd3 Rd7+ 44. Ke2 a5 45. bxa5 c5
46. axb6 Kxb6 47. Rxh4 Ka5 48. Rh5 Kxa4 49. Rxc5 Kb3 50. Rf5 Kxc3 51. Rxf4 Rd2+
52. Kf1 Kd3 53. Rxf7 Ke3 54. Kg1 Rd1+ 55. Kh2 Rd8 56. Kg3 Rg8+ 57. Kh4 Rxg2 58.
e5 Rh2+ 59. Kg3 Rh6 60. f4 Rg6+ 61. Kh4 Ke4 62. f5 Rg1 63. e6 Kf4 64. Kh5 Rh1+
65. Kg6 Rg1+ 66. Kf6 Rg5 67. e7 1-0

[Event "4NCL 3 South pool C"]
[Site "Reading, ENG"]
[Date "2018.03.25"]
[Round "8.44"]
[White "Amato, Giampiero"]
[Black "Somerfield, Adrian P"]
[Result "1/2-1/2"]
[WhiteElo "2091"]
[BlackElo "2085"]
[PlyCount "44"]
[EventDate "2018.03.25"]

1. e4 c6 2. c4 d5 3. cxd5 cxd5 4. exd5 Nf6 5. Nc3 Nxd5 6. Nf3 Nc6 7. Bb5 e6 8.
O-O Be7 9. d4 O-O 10. Re1 Bd7 11. Bd3 Nf6 12. a3 Qa5 13. Bg5 Rfd8 14. b4 Qb6
15. Na4 Qc7 16. Rc1 a6 17. Ne5 Be8 18. Bb1 Nd5 19. Bd2 Nf6 20. Bf4 Bd6 21. h3
Nd5 22. Bd2 Nf6 1/2-1/2

[Event "4NCL 3 South pool C"]
[Site "Reading, ENG"]
[Date "2018.03.25"]
[Round "8.45"]
[White "Gooding, Ian"]
[Black "Fegan, Chris"]
[Result "1/2-1/2"]
[WhiteElo "1980"]
[BlackElo "2052"]
[PlyCount "97"]
[EventDate "2018.03.25"]

1. e4 c5 2. Nf3 d6 3. d4 cxd4 4. Nxd4 Nf6 5. Nc3 g6 6. Be3 Bg7 7. f3 Nc6 8. Qd2
O-O 9. O-O-O d5 10. Kb1 Nxd4 11. e5 Nf5 12. exf6 exf6 13. Bc5 d4 14. Bxf8 Qxf8
15. Nb5 Ne3 16. Re1 f5 17. Nxd4 f4 18. Rxe3 fxe3 19. Qxe3 Bd7 20. c3 Re8 21.
Qd2 Qd6 22. Bc4 Bf5+ 23. Ka1 Rd8 24. g4 Bd7 25. Rd1 Qc5 26. Bb3 Bc6 27. Qf4 Be8
28. h4 Be5 29. Qg5 Qc7 30. h5 Bf4 31. Qh4 Bg3 32. Qh1 b5 33. hxg6 hxg6 34. Qh6
Qd6 35. Rh1 Be5 36. Nxb5 Qf6 37. g5 Qb6 38. Nd4 Bg7 39. Qh2 Bxd4 40. cxd4 Qxd4
41. Qh7+ Kf8 42. Re1 Qg7 43. Qxg7+ Kxg7 44. Re7 a5 45. a4 Kf8 46. Re5 Rd3 47.
Bd5 Bxa4 48. Be4 Re3 49. Kb1 1/2-1/2

[Event "4NCL 3 South pool C"]
[Site "Reading, ENG"]
[Date "2018.03.25"]
[Round "8.46"]
[White "Lawson, Maurice E"]
[Black "Webster, Peter AN"]
[Result "1/2-1/2"]
[WhiteElo "1959"]
[BlackElo "2005"]
[PlyCount "61"]
[EventDate "2018.03.25"]

1. e4 e6 2. d4 d5 3. Nc3 Bb4 4. exd5 exd5 5. Bd3 Nc6 6. a3 Bxc3+ 7. bxc3 Qe7+
8. Ne2 Nf6 9. a4 Bg4 10. O-O O-O-O 11. Ba3 Qe6 12. Kh1 Rde8 13. f3 Bf5 14. Nf4
Qd7 15. Qd2 h5 16. Rfe1 h4 17. Rxe8+ Nxe8 18. Bxf5 Qxf5 19. Re1 g5 20. Nh3 f6
21. Qd3 Qxd3 22. cxd3 Ng7 23. Kg1 Re8 24. Kf1 Rxe1+ 25. Kxe1 Ne6 26. g3 hxg3
27. hxg3 b6 28. Nf2 f5 29. Nh3 Ncd8 30. Be7 Nf7 31. g4 1/2-1/2